Male Names of Hebrew Origin - Statistics

General Stats
  • This quiz has been taken 186 times
  • The average score is 8 of 18
Answers on the Grid
Answers color-coded by a green-red scale on the quiz's grid according to % correct below.
Abraham
Achilles
Albert
Alexander
Andrew
Anthony
Benjamin
Charles
Christopher
Daniel
David
Dennis
Donald
George
Edward
Elijah
Eric
Eugene
Frederick
Gabriel
Harold
Hector
Henry
Homer
Isaac
Jacob
Jason
Jeffrey
John
Joseph
Joshua
Julius
Kenneth
Lawrence
Louis
Lucas
Mark
Matthew
Michael
Muhammad
Nathan
Nicholas
Noah
Omar
Patrick
Paul
Peter
Philip
Richard
Robert
Ronald
Samuel
Sebastian
Simon
Steven
Theodore
Timothy
Vladimir
William
Zachary
 
Answer Stats
Answer % Correct
Abraham
96%
David
61%
Elijah
57%
Benjamin
54%
Daniel
52%
Isaac
50%
Gabriel
48%
Joseph
46%
Jacob
45%
Joshua
43%
Noah
34%
Michael
29%
Samuel
29%
John
28%
Nathan
25%
Zachary
25%
Matthew
22%
Simon
21%
No matching quizzes found
Score Distribution
Percent of People with Each Score
Percentile by Number Answered
Your Score History
You have not taken this quiz